| 000 | 00502nam a22001697a 4500 | ||
|---|---|---|---|
| 005 | 20240514171659.0 | ||
| 008 | 240514b |||||||| |||| 00| 0 eng d | ||
| 020 | _a9781305107168 | ||
| 082 |
_a005.446 _bECK-C |
||
| 100 | _aEcket, Jason W. | ||
| 245 |
_aCompTIA Linux+ Guide to Linux Certificatio / _cTrios College |
||
| 260 |
_aUSA: _bCengage Learning; _c2016. |
||
| 300 |
_a740 p. : _bill; _c24 cm. |
||
| 500 | _ainclude index. | ||
| 650 | _acomputer science/ Java programming Language | ||
| 999 |
_c35774 _d35774 |
||